000 00790nam a2200277Ia 4500
001 20144
005 20240114000503.0
007 ta
008 060220s1992 a g b000 u 465 u
040 _aCotton College,Assam
041 _a465
082 _a530.133
_bGu 959 St
100 _aGupta, S.L..
245 0 _aStatistical Mechanics: A text Book for B.Sc. & M.Sc.Students of All Indian Universities /
_cS.L.Gupta.
_hTextual Documents
250 _a11th Rev.ed. /
260 _aAgra :
_bPragati Prakasan ,
_c1992.
300 _aviii,432p. :
_bill ;
_c22cm .
504 _aIndex
653 _aStatistical Mechanics-Physics
653 _aMechanics-Statistical
653 _aG-Physics
942 _2ddc
_cBK
999 _c20126
_d20126